The diary of Agustín Barrios Mangoré : (Record no. 192743)

MARC details
000 -LEADER
campo de control de longitud fija 01752nam a2200421 i 4500
001 - NÚMERO DE CONTROL
campo de control 192743
003 - IDENTIFICADOR DE NÚMERO DE CONTROL
campo de control SpMaBN
005 - FECHA Y HORA DE LA ÚLTIMA TRANSACCIÓN
campo de control 20251123063312.0
007 - CAMPO FIJO DE DESCRIPCIÓN FÍSICA--INFORMACIÓN GENERAL
campo de control de longitud fija ta
008 - DATOS DE LONGITUD FIJA--INFORMACIÓN GENERAL
campo de control de longitud fija 230518s2020 sp a | |||| 000 0aeng
017 ## - NÚMERO DE COPYRIGHT O DE DEPÓSITO LEGAL
Número de copyright o de depósito legal LE 171-2020
Agencia que asigna Oficina Depósito Legal León
020 ## - NÚMERO INTERNACIONAL ESTÁNDAR DEL LIBRO
Número Internacional Estándar del Libro 9788409213269
040 ## - FUENTE DE CATALOGACIÓN
Centro catalogador/agencia de origen SpMaBN
Lengua de catalogación spa
Centro/agencia transcriptor ES-MaACL
Normas de descripción rda
080 ## - NÚMERO DE LA CLASIFICACIÓN DECIMAL UNIVERSAL
Número de la Clasificación Decimal Universal 929 Barrios, Agustín (093.3)
100 ## - ENTRADA PRINCIPAL--NOMBRE DE PERSONA
Nombre de persona Barrios, Agustín,
Fechas asociadas al nombre 1885-1944
Término indicativo de función/relación Autor
9 (RLIN) 193658
245 14 - MENCIÓN DEL TÍTULO
Título The diary of Agustín Barrios Mangoré :
Resto del título his concert autograph book (1932-1939), the diplomatic edition : in honor of the 75th anniversary of the death of the master 1944-2019 /
Mención de responsabilidad, etc. by Richard T. Pinnell and Frederick Sheppard.
264 #1 - PRODUCCIÓN, PUBLICACIÓN, DISTRIBUCIÓN, FABRICACIÓN Y COPYRIGHT
Producción, publicación, distribución, fabricación y copyright [León] :
Nombre del de productor, editor, distribuidor, fabricante Asociación CaminoArtes,
Fecha de producción, publicación, distribución, fabricación o copyright [2020].
300 ## - DESCRIPCIÓN FÍSICA
Extensión 440 páginas :
Otras características físicas ilustraciones (color) ;
Dimensiones 30 cm.
336 ## - TIPO DE CONTENIDO
Término de tipo de contenido Texto
-- Imagen fija
Fuente rdacontent
337 ## - TIPO DE MEDIO
Nombre/término del tipo de medio sin mediación
Fuente rdamedia
338 ## - TIPO DE SOPORTE
Nombre/término del tipo de soporte volumen
Fuente rdacarrier
500 ## - NOTA GENERAL
Nota general Índices
501 ## - NOTA DE CON
Nota de "Con" Con una selección de escritos originales del autor
504 ## - NOTA DE BIBLIOGRAFÍA, ETC.
Nota de bibliografía, etc. Bibliografía: páginas 383-387
546 ## - NOTA DE IDIOMA
Nota de lengua/lenguaje Texto en inglés y traducción en español
600 #0 - PUNTO DE ACCESO ADICIONAL DE MATERIA--NOMBRE DE PERSONA
Nombre de persona Barrios, Agustín,
Fechas asociadas al nombre 1885-1944
9 (RLIN) 193658
655 #0 - TERMINO DE INDIZACIÓN--GENERO/FORMA
Datos o término principal de género/forma Diarios personales
9 (RLIN) 193660
655 #7 - TERMINO DE INDIZACIÓN--GENERO/FORMA
Datos o término principal de género/forma Autobiografías
9 (RLIN) 226823
700 1# - ENTRADA AGREGADA--NOMBRE PERSONAL
Nombre de persona Pinnell, Richard
9 (RLIN) 193661
Término indicativo de función/relación Director de publicación
700 1# - ENTRADA AGREGADA--NOMBRE PERSONAL
Nombre de persona Sheppard, Frederick
9 (RLIN) 193662
Término indicativo de función/relación Director de publicación
740 3# - ENTRADA AGREGADA--TÍTULO RELACIONADO/ANALÍTICO NO CONTROLADO
Título relacionado o analítico no controlado La crónica de conciertos de Agustín Barrios Mangoré
852 ## - LOCALIZACIÓN
Ubicación ES-MaACL
Sublocalización o colección R.153344
Ubicación en estantería Depósito J
Anotaciones manuscritas Rúbrica de Frederick Sheppard
Donativo/Legado Donación: Frederick Sheppard
Número de control de estantería N-8373
Encuadernación Cartoné
itemnumber 200037
903 ## - NOMBRE PERSONAL DE DONANTE
a Sheppard, Frederick
9 193662
e Donante
942 ## - ELEMENTOS DE ENTRADA SECUNDARIOS (KOHA)
Suprimir en OPAC No
Tipo de ítem Koha Libro impreso
Holdings
Estatus retirado Estado de pérdida Fuente del sistema de clasificación o colocación Estado de daño No para préstamo Colección Biblioteca de origen Biblioteca actual Ubicación en estantería Fecha de adquisición Fuente de adquisición Total de préstamos Signatura topográfica completa Código de barras Visto por última vez Tipo de ítem Koha Nota pública
    Clasificación decimal universal     Libros con dedicatorias Biblioteca del Ateneo de Madrid Biblioteca del Ateneo de Madrid Depósito J 18/05/2022 Donación   N-8373 101205329 18/05/2023 Libro impreso Rúbrica de Frederick Sheppard